000 00250nam a2200097Ia 4500
001 687304
005 20250826161553.0
008 250824s9999 xx 000 0 und d
245 0 _aBENİM BABAM ÖMÜR ADAM
_cÖMER AÇIK
260 _bGÜNIŞIĞI YAYINLARI
999 _c687304
_d687304